Quick Pick: 'I, K, L' Elements Quiz Stats

 Plays Quiz Updated Apr 21, 2018

Challenge
Share
Tweet
Embed
Score 0/11 Timer 01:00
0 Plays Today
% Correct
Krypton
94.6%
Livermorium
93.4%
Lutetium
93%
Iron
93%
Lithium
93%
Indium
92.4%
Iridium
89.9%
Lead
89.1%
Iodine
88.9%
Lanthanum
87.1%
Lawrencium
83%

Today's Daily Dose

Word Ladder
King of the...

Quick Pick
The Doors Songs

On This Day
August 17th II

You're not logged in!

Compare scores with friends on all Sporcle quizzes.
Join for Free
OR
Log In

You Might Also Like...

Show Comments

Extras

Top Quizzes Today


Score Distribution

Your Account Isn't Verified!

In order to create a playlist on Sporcle, you need to verify the email address you used during registration. Go to your Sporcle Settings to finish the process.

Report this User

Report this user for behavior that violates our Community Guidelines.

Details: